Statistiken für Die patriotischsten Länder der Welt

Klicken Sie hier um das Quiz zu spielen!

Allgemein

  • Dieses Quiz wurde 329 mal gespielt
  • Das Durchschnittsergebnis liegt bei 10 aus 20

Antwortstatistiken

RangPunktzahlLand% Korrekt
217,7USA
97%
716,7Russland
86%
617,0Kanada
74%
1315,9Japan
72%
317,5Australien
66%
916,5Spanien
61%
417,4Österreich
53%
816,6Neuseeland
52%
1216,0Südkorea
50%
1016,2Portugal
46%
617,0Südafrika
39%
118,4Venezuela
39%
1116,1Finnland
38%
517,1Chile
35%
1016,2Israel
34%
816,6Dänemark
33%
617,0Ungarn
30%
1116,1Uruguay
17%
716,7Philippinen
16%
1116,1Slowenien
14%

Verteilung der Resultate

Perzentil nach korrekt beantworteten Fragen

Anzahl Personen mit jedem Resultat

Ihre Resultats-Entwicklung

Sie haben dieses Quiz noch nicht gespielt